Fikir bahçesi. (Record no. 48184)

MARC details
000 -LEADER
fixed length control field 00527cam a22002051 4500
001 - CONTROL NUMBER
control field ne 65001205
003 - CONTROL NUMBER IDENTIFIER
control field DLC
005 - DATE AND TIME OF LATEST TRANSACTION
control field 20260227111814.0
008 - FIXED-LENGTH DATA ELEMENTS--GENERAL INFORMATION
fixed length control field 931129m19609999tu 000 0 tur
010 ## - LIBRARY OF CONGRESS CONTROL NUMBER
LC control number ne 65001205
035 ## - SYSTEM CONTROL NUMBER
System control number (OCoLC)29396403
040 ## - CATALOGING SOURCE
Original cataloging agency DLC
Transcribing agency CU
Modifying agency DLC
042 ## - AUTHENTICATION CODE
Authentication code premarc
050 00 - LIBRARY OF CONGRESS CALL NUMBER
Classification number DR432
Item number .Y3
100 1# - MAIN ENTRY--PERSONAL NAME
Personal name Yardımcı, Celâl.
245 10 - TITLE STATEMENT
Title Fikir bahçesi.
Statement of responsibility, etc. [Ankara Radyosunda bir konuşma programı]
260 ## - PUBLICATION, DISTRIBUTION, ETC.
Place of publication, distribution, etc. Ankara,
Date of publication, distribution, etc. 1960-
300 ## - PHYSICAL DESCRIPTION
Extent v.
Dimensions 21 cm.
651 #0 - SUBJECT ADDED ENTRY--GEOGRAPHIC NAME
Geographic name Turkey
General subdivision Civilization.

No items available.

Powered by Koha